Statistics for American Cities With the Highest Rates of Public Transit Use

Click here to take the quiz!

General Stats

  • This quiz has been taken 164 times
  • The average score is 13 of 25

Answer Stats

Rate (%)City% Correct
55.66New York
100%
26.50Chicago
98%
32.82Boston
95%
34.05San Francisco
94%
18,19Seattle
93%
39.19Philadelphia
93%
26.61Washington DC
93%
17.64Baltimore
89%
18.03Pittsburgh
75%
26.50Newark
70%
15.18Minneapolis
69%
13.74Buffalo
56%
45.82Jersey City
54%
17.21Oakland
49%
21.19Hartford
43%
12.93Richmond
35%
24.95Yonkers
29%
13.03New Haven
24%
28.54Arlington
21%
21.12Alexandria
18%
26.60Cambridge
16%
12.37Elizabeth
16%
17.36Berkeley
11%
21.45Daly City
4%
13.08Edison
3%

Score Distribution

Percentile by Number Answered

Percent of People with Each Score

Your Score History

You have not taken this quiz